Città con gli Edifici più alti - America del Sud - Statistics

Statistiche generali
  • Questo quiz è stato fatto 8 volte
  • Il punteggio medio è 4 su 10
Statistiche sulle risposte
Edificio Altezza (m) Città % Corretto
Alvear Tower 239 Buenos Aires
100%
BD Bacatá 216 Bogotá
86%
Gran Torre Santiago 300 Santiago
86%
Complesso Parque Central 225 Caracas
71%
One Tower 290 Balneário Camboriú
14%
Yachthouse Residence Club (Tower 1) 281 Balneário Camboriú
14%
Yachthouse Residence Club (Tower 2) 281 Balneário Camboriú
14%
Infinity Coast 235 Balneário Camboriú
14%
Epic Tower 209 Balneário Camboriú
14%
Estelar Hotel 202 Cartagena de Indias
0%
Nessun quiz corrispondente trovato
Distribuzione punteggi
Percentuale di utenti per punteggio
Percentile per numero di risposta
I tuoi punteggi nel tempo
Non hai fatto questo quiz